Central Library OPAC University of Rajshahi

Meredith now: some critical essays / (Record no. 18123)

MARC details
000 -LEADER
fixed length control field 00871cam a2200289 4500
001 - CONTROL NUMBER
control field 18123
003 - CONTROL NUMBER IDENTIFIER
rucl marc code BD-RjUL
005 - DATE AND TIME OF LATEST TRANSACTION
control field 20211209000236.0
008 - FIXED-LENGTH DATA ELEMENTS--GENERAL INFORMATION
fixed length control field 200203s1971 enk b 001 0 eng
020 ## - INTERNATIONAL STANDARD BOOK NUMBER
International Standard Book Number 0710070616
035 ## - SYSTEM CONTROL NUMBER
System control number (BD-RjUL)18181
040 ## - CATALOGING SOURCE
Original cataloging agency DLC
Transcribing agency DLC
Modifying agency DLC
Language of cataloging eng
041 ## - LANGUAGE CODE
Language code of text/sound track or separate title eng
082 00 - DEWEY DECIMAL CLASSIFICATION NUMBER
Classification number 820.8092
Edition number 23
Author mark and year MER 1971
100 1# - MAIN ENTRY--PERSONAL NAME
Personal name Fletcher, Ian,
Dates associated with a name 1920-1988.
9 (RLIN) 238737
245 10 - TITLE STATEMENT
Title Meredith now: some critical essays /
Statement of responsibility, etc. edited by Ian Fletcher.
260 ## - PUBLICATION, DISTRIBUTION, ETC. (IMPRINT)
Place of publication, distribution, etc. London,
Name of publisher, distributor, etc. Routledge and K. Paul,
Date of publication, distribution, etc. 1971.
300 ## - PHYSICAL DESCRIPTION
Pagination xiv, 317 p.
Size 23 cm.
350 ## - PRICE (NR) (BK AM CF MU VM SE) [OBSOLETE]
Price £3.00
504 ## - BIBLIOGRAPHY, ETC. NOTE
Bibliography, etc Includes bibliographical references.
600 10 - SUBJECT ADDED ENTRY--PERSONAL NAME
Personal name Meredith, George,
Dates associated with a name 1828-1909
General subdivision Criticism and interpretation.
906 ## - LOCAL DATA ELEMENT F, LDF (RLIN)
a 7
b cbc
c orignew
d 3
e ncip
f 19
g y-gencatlg
942 ## - ADDED ENTRY ELEMENTS (KOHA)
Source of classification or shelving scheme Dewey Decimal Classification
Koha item type Books
Holdings
Lost status Source of classification or shelving scheme Damaged status Not for loan Collection code Permanent Location Current Location Shelving location Date acquired Source of acquisition Cost, normal purchase price Total Checkouts Full call number Date last seen Copy number Koha item type
  Dewey Decimal Classification   Not For Loan Non-fiction Central Library, University of Rajshahi Central Library, University of Rajshahi Reading Room 27/12/1975 Jonathan & Co. 3.00   820.8092 MER 1971 03/02/2020 C-1 Books